Sex-selective abortion in India: (Record no. 16994)

MARC details
000 -LEADER
fixed length control field 00813nam a22002177a 4500
005 - DATE AND TIME OF LATEST TRANSACTION
control field 20081020101424.0
008 - FIXED-LENGTH DATA ELEMENTS--GENERAL INFORMATION
fixed length control field 081020t xxu||||| |||| 00| 0 eng d
010 ## - LIBRARY OF CONGRESS CONTROL NUMBER
LC control number ENG-84027
020 ## - INTERNATIONAL STANDARD BOOK NUMBER
International Standard Book Number 8178296975
020 ## - INTERNATIONAL STANDARD BOOK NUMBER
Terms of availability 495.00 (pbk)
035 ## - SYSTEM CONTROL NUMBER
System control number EN-67560
082 ## - DEWEY DECIMAL CLASSIFICATION NUMBER
Classification number 304.6670954 / SEX
245 ## - TITLE STATEMENT
Title Sex-selective abortion in India:
Remainder of title gender, society and new reproductive technologies /
Statement of responsibility, etc edited by Tulsi Patel
260 ## - PUBLICATION, DISTRIBUTION, ETC. (IMPRINT)
Place of publication, distribution, etc New Delhi
Name of publisher, distributor, etc Sage Publications
260 ## - PUBLICATION, DISTRIBUTION, ETC. (IMPRINT)
Date of publication, distribution, etc 2007
300 ## - PHYSICAL DESCRIPTION
Extent 432p
Dimensions 22cm
500 ## - GENERAL NOTE
General note Includes bibliographical references and index
700 ## - ADDED ENTRY--PERSONAL NAME
Personal name Patel, Tulsi
942 ## - ADDED ENTRY ELEMENTS (KOHA)
Source of classification or shelving scheme Dewey Decimal Classification
Koha item type English Books
Classification part 304.6670954
Call number suffix SEX
Holdings
Withdrawn status Lost status Source of classification or shelving scheme Damaged status Not for loan Home library Current library Date acquired Cost, normal purchase price Total Checkouts Full call number Barcode Date last seen Copy number Cost, replacement price Price effective from Koha item type
    Dewey Decimal Classification   Not For Loan D.B.Act.Division D.B.Act.Division 22/02/2007 495.00   304.6670954 SEX EN-67560 21/10/2008 1 495.00 21/10/2008 English Books

© Delhi Public Library
Hit Counter
free hit counter